Вариационные методы в строительной механике турбомашин

Bibliographische Detailangaben
1. Verfasser: Биргер И. А.
Sprache:Russisch
Veröffentlicht: Москва, Оборонгиз, 1959
Schlagworte:
Format: MixedMaterials Buch
KOHA link:https://koha.lib.tpu.ru/cgi-bin/koha/opac-detail.pl?biblionumber=322171

MARC

LEADER 00000nam0a2200000 4500
001 322171
005 20231102003440.0
035 |a (RuTPU)RU\TPU\book\347727 
090 |a 322171 
100 |a 20160919d1959 km y0rusy50 ca 
101 0 |a rus 
102 |a RU 
105 |a a z 001zy 
200 1 |a Вариационные методы в строительной механике турбомашин  |f И. А. Биргер 
210 |a Москва  |c Оборонгиз  |d 1959 
215 |a 28 с.  |c ил. 
320 |a Библиогр.: с. 28 
606 1 |a Турбомашины  |2 stltpush  |3 (RuTPU)RU\TPU\subj\62118  |9 79267 
610 1 |a строительная механика 
610 1 |a вариационные методы 
610 1 |a лопатки 
610 1 |a изгиб 
610 1 |a колебания 
610 1 |a кручение 
610 1 |a перемещение 
610 1 |a профили 
610 1 |a теория упругости 
675 |a 62-135  |v 4 
700 1 |a Биргер  |b И. А. 
801 1 |a RU  |b 63413507  |c 20160919 
801 2 |a RU  |b 63413507  |c 20200526  |g RCR 
942 |c BK